000 00768 a2200193 4500
001 59658
005 20260407155850.0
008 260407a1958 arg spa d
003 AR-UNSa-BCEJYS
040 _aAR-UNSa-BCEJYS
_bspa
_cAR-UNSa-BCEJYS
080 _a330.34
_xDesarrollo Económico
245 1 0 _aEl desarrollo econoómico
_panálisis y política
264 1 _aMéxico :
_bFondo de Cultura Económica
_c1958
300 _a173 p.
_c17 cm.
505 _a1. Aspectos económicos de un país subdesarrollado - 2. Aspectos extraeconómicos de un país subdesarrollado - 3. Los crecimientos espontáneos - 4. Los crecimientos planificados - 5. Crecimientos cerrados y abiertos
942 _cBK
590 _aniveau_biblio:m niveau_hierar:0
100 1 _aBarre, Raymond
999 _c6778
_d6778